Normal view
MARC view
- Sugarman, Samuel
Entry Personal Name
001 - CONTROL NUMBER
- control field: 118051
003 - CONTROL NUMBER IDENTIFIER
- control field: NUST
005 - DATE AND TIME OF LATEST TRANSACTION
- control field: 20230919153449.0
008 - FIXED-LENGTH DATA ELEMENTS
- fixed length control field: 230919|| aca||aabn | a|a d
040 ## - CATALOGING SOURCE
- Original cataloging agency: NUST
- Transcribing agency: NUST
100 ## - HEADING--PERSONAL NAME
- Personal name: Sugarman, Samuel
670 ## - SOURCE DATA FOUND
- Source citation: Work cat.: (NUST)599673: Sugarman, Samuel , Testing and balancing hvac air and water systems /, 2019-09-27
